| 000 | 00545nam a2200181 i 4500 | ||
|---|---|---|---|
| 001 | 86994 | ||
| 003 | ES-MaACL | ||
| 005 | 20230906175552.0 | ||
| 007 | t| | ||
| 008 | 041217s1954 xxu ||||1| eng d | ||
| 100 | 1 |
_aKloeffler, Royce G. _968285 |
|
| 245 | 1 | 0 |
_aBasic theory in electrical engineering / _cRoyce G. Kloeffler, Earl L. Sitz. |
| 250 | _a[1st ed.]. | ||
| 260 |
_aNew York : _bThe Macmillan Company, _c[1954] |
||
| 300 |
_aVIII, 334 p. : _bil. ; _c21 cm. |
||
| 700 | 1 |
_aSitz, Earl L. _9106715 |
|
| 852 |
_aES-MaACL _jC-10917 _bR.39103 |
||
| 999 |
_c86994 _d86994 |
||